[Event "Cappelle Online Blitz op 1st"]
[Site "Europe Echecs INT"]
[Date "2021.01.10"]
[Round "3"]
[White "Avron, David"]
[Black "Henry, Thibaud"]
[Result "0-1"]
[WhiteElo "1965"]
[BlackElo "1578"]
[PlyCount "128"]
[EventDate "2021.01.10"]
[EventType "swiss (blitz)"]
[EventRounds "11"]
[EventCountry "FRA"]
[SourceTitle "CBM 200 Extra"]
[Source "ChessBase"]
[SourceDate "2021.03.31"]
[SourceVersion "1"]
[SourceVersionDate "2021.03.31"]
[SourceQuality "1"]

1. d4 e6 2. Nf3 Nf6 3. Bf4 d5 4. e3 c5 5. c3 Nbd7 6. h3 Be7 7. Be2 b6 8. 0-0 Bb7 9. c4 0-0 10. Nc3 a6 11. a4 Rc8 12. a5 bxa5 13. Qa4 cxd4 14. exd4 dxc4 15. Qxa5 Qxa5 16. Rxa5 Bb4 17. Raa1 Bxc3 18. bxc3 Nd5 19. Bd2 N7f6 20. Rfb1 Rc7 21. Ra4 Rfc8 22. Bxc4 Ne4 23. Be1 Ba8 24. Bxd5 Bxd5 25. Rxa6 Nxc3 26. Bxc3 Rxc3 27. Ne5 f6 28. Nd7 Rc1+ 29. Rxc1 Rxc1+ 30. Kh2 Rd1 31. Nc5 Kf7 32. Ra7+ Kg6 33. Ra6 Kf5 34. Ra7 Kg6 35. Nd7 Rxd4 36. Nf8+ Kh6 37. Re7 Re4 38. Nd7 e5 39. Nc5 Re2 40. Kg3 f5 41. Nd7 f4+ 42. Kg4 Rxf2 43. Nxe5 Rxg2+ 44. Kxf4 g5+ 45. Ke3 Rg3+ 46. Kd4 Bg8 47. Ng4+ Kg6 48. Ne5+ Kf6 49. Re8 Be6 50. Nd7+ Bxd7 51. Rh8 Rxh3 52. Ke4 Bf5+ 53. Kd5 Kg7 54. Rb8 g4 55. Rb7+ Kg6 56. Ke5 Re3+ 57. Kf4 Re4+ 58. Kg3 h5 59. Rb6+ Kg5 60. Rb7 Re3+ 61. Kh2 Kh4 62. Rb5 Re2+ 63. Kg1 Be4 64. Rb4 Kg3 0-1

[Event "Cappelle Online Blitz op 1st"]
[Site "Europe Echecs INT"]
[Date "2021.01.10"]
[Round "7"]
[White "Henry, Thibaud"]
[Black "Bellahcene, Sofia"]
[Result "1-0"]
[WhiteElo "1578"]
[BlackElo "1917"]
[PlyCount "101"]
[EventDate "2021.01.10"]
[EventType "swiss (blitz)"]
[EventRounds "11"]
[EventCountry "FRA"]
[SourceTitle "CBM 200 Extra"]
[Source "ChessBase"]
[SourceDate "2021.03.31"]
[SourceVersion "1"]
[SourceVersionDate "2021.03.31"]
[SourceQuality "1"]

1. e4 c6 2. d4 d5 3. e5 Bf5 4. Nf3 e6 5. Be2 Nd7 6. 0-0 Be7 7. Be3 f6 8. Nh4 fxe5 9. Nxf5 exf5 10. dxe5 Nxe5 11. Bd4 Qc7 12. Re1 c5 13. Bxe5 Bd6 14. Bxd6 Qxd6 15. Nc3 0-0-0 16. Nb5 Qb6 17. a4 a6 18. a5 Qh6 19. Nc3 Nf6 20. Bf3 d4 21. Na4 Nd7 22. Bd5 Qd6 23. Qf3 Qc7 24. Re7 Rhe8 25. Rae1 Rxe7 26. Rxe7 Qxa5 27. Bxb7+ Kb8 28. Ba8 Qc7 29. Nxc5 Qb6 30. Rxd7 Re8 31. Rb7+ Kc8 32. h3 Qxc5 33. Rxg7 Re1+ 34. Kh2 Qe5+ 35. g3 Qxg7 36. Qc6+ Qc7 37. Qe8+ Qd8 38. Qxe1 Kb8 39. Qe5+ Kxa8 40. Qxf5 h6 41. Qe4+ Ka7 42. Qh7+ Kb6 43. Qxh6+ Kb5 44. Qd2 Kc4 45. Qd3+ Kc5 46. c3 Qf8 47. cxd4+ Kd5 48. Qb3+ Kxd4 49. Qa4+ Kd3 50. Qa3+ Kc2 51. Qxf8 1-0

[Event "Cappelle Online Blitz op 1st"]
[Site "Europe Echecs INT"]
[Date "2021.01.10"]
[Round "9"]
[White "Henry, Thibaud"]
[Black "Casas, Alexandre"]
[Result "0-1"]
[WhiteElo "1578"]
[BlackElo "1921"]
[PlyCount "48"]
[EventDate "2021.01.10"]
[EventType "swiss (blitz)"]
[EventRounds "11"]
[EventCountry "FRA"]
[SourceTitle "CBM 200 Extra"]
[Source "ChessBase"]
[SourceDate "2021.03.31"]
[SourceVersion "1"]
[SourceVersionDate "2021.03.31"]
[SourceQuality "1"]

1. e4 c5 2. b4 b6 3. bxc5 bxc5 4. Nf3 d5 5. exd5 Nf6 6. c4 g6 7. Be2 Bg7 8. Nc3 0-0 9. 0-0 e6 10. Ba3 Qa5 11. Qc1 exd5 12. Rb1 d4 13. Rb5 Qa6 14. Nb1 Nbd7 15. Ne1 Bb7 16. Bf3 Ne4 17. d3 Nd6 18. Rb3 Rab8 19. Qf4 Bxf3 20. Nxf3 Rb6 21. Nfd2 Rfb8 22. f3 Ne5 23. Bxc5 Rxb3 24. Bxd6 Nxd3 0-1